Alle Ausfahrten der Süd-Autobahn (A2) - Statistiken

Allgemein
  • Dieses Quiz wurde 55 mal gespielt
  • Das Durchschnittsergebnis liegt bei 44 aus 63
Antwortstatistiken
km Bz. Ausfahrt % Korrekt
21,4 BN Baden
98%
6,7 MD Mödling / SCS
98%
46,6 WN Wiener Neustadt
93%
44,3 WN Wiener Neustadt-West
93%
4,2 MD Vösendorf
90%
179,5 G Graz-Ost
85%
186,1 GU Graz-West
85%
14,7 MD Guntramsdorf
83%
115,7 HF Hartberg
83%
312,3 K Klagenfurt-Nord
83%
305,6 K Klagenfurt-Ost
83%
318,1 K Klagenfurt-West
83%
18,8 BN Traiskirchen
83%
138,8 HF Ilz / Fürstenfeld
80%
29,2 BN Leobersdorf
80%
345,3 VI Villach
80%
81,3 NK Aspang / Zöbern
78%
68,5 NK Edlitz / Aspang
78%
157,4 WZ Gleisdorf-Süd
78%
160,7 WZ Gleisdorf-West
78%
183,5 GU Flughafen Graz / Feldkirchen
75%
252,4 WO Wolfsberg-Nord
75%
255,6 WO Wolfsberg-Süd
75%
1,0 W Inzersdorf
73%
27,2 BN Kottingbrunn
73%
111,5 HF Lafnitztal / Oberwart
73%
278,4 VK Völkermarkt-Ost
73%
288,8 VK Völkermarkt-West
73%
9,0 MD Wiener Neudorf
73%
366,9 VL Arnoldstein
70%
308,4 K Flughafen Klagenfurt
70%
95,2 HF Pinggau / Friedberg
70%
264,8 WO St. Andrä
70%
66,2 NK Grimmenstein
68%
11,2 MD IZ NÖ-Süd
68%
169,2 GU Laßnitzhöhe
68%
126,6 HF Sebersdorf / Bad Waltersdorf
68%
150,1 WZ Sinabelkirchen
68%
332,1 VL Velden-Ost
68%
336,1 VL Velden-West
68%
38,3 WB Wöllersdorf
68%
24,4 BN Bad Vöslau
65%
321,5 KL Krumpendorf am Wörthersee
65%
87,6 HF Schäffern
65%
56,5 NK Seebenstein
65%
241,4 WO Bad St. Leonhard
63%
79,2 NK Krumbach
63%
299,0 KL Grafenstein
60%
100,4 OW Pinkafeld
60%
323,7 KL Pörtschach-Ost
60%
328,8 KL Pörtschach-West
60%
224,1 VO Modriach
58%
353,9 VI Villach-Warmbad
58%
80,4 NK Zöbern
55%
273,8 VK Griffen
53%
193,9 GU Lieboch
53%
231,8 WO Packsattel
53%
364,6 VL Hermagor
50%
207,4 VO Steinberg
50%
348,0 VI Villach-Faaker See
50%
341,7 VL Wernberg
50%
188,9 GU Unterpremstätten
38%
200,2 VO Mooskirchen
33%
Keine übereinstimmenden Quizze gefunden
Verteilung der Resultate
Anzahl Personen mit jedem Resultat
Perzentil nach korrekt beantworteten Fragen
Ihre Resultats-Entwicklung
Sie haben dieses Quiz noch nicht gespielt